[Event "46th Capablanca Memorial Open A"]
[Site "Havana CUB"]
[Date "2010.05.15"]
[Round "5.33"]
[White "Linares Napoles, Oleiny"]
[Black "Abreu Jean, Carlos Paul"]
[Result "1-0"]
[WhiteTitle "WGM"]
[WhiteElo "2319"]
[BlackElo "2101"]
[WhiteFideId "3504794"]
[BlackFideId "6405525"]
[EventDate "2011.05.11"]

1. Nf3 c5 2. e4 e6 3. d4 cxd4 4. Nxd4 a6 5. Bd3 Nf6 6. Be3 Qc7 7. f4 d6 8. Nd2
Be7 9. Qf3 Nbd7 10. c3 b5 11. O-O Bb7 12. Rae1 O-O 13. Qh3 Rfe8 14. Bb1 Bf8 15.
Qh4 g6 16. e5 Nd5 17. Ne4 Nxe3 18. Rxe3 Bxe4 19. Bxe4 d5 20. Rh3 h6 21. Bb1 Bg7
22. Qg4 Nf8 23. Re3 Rab8 24. a3 a5 25. b4 Qb7 26. h4 h5 27. Qh3 Rec8 28. g4 hxg4
29. Qxg4 Qe7 30. h5 f5 31. exf6 Qxf6 32. Nxe6 Nxe6 33. Rxe6 gxh5 34. Qe2 Qxc3
35. Qxh5 Rb6 36. Bh7+ Kf8 37. Qf5+ Bf6 38. Rxb6 Qg3+ 39. Kh1 Qh4+ 40. Kg2 Rc2+
41. Qxc2 Qg4+ 42. Kf2 Qh4+ 43. Ke2 Qg4+ 44. Rf3 Qg2+ 45. Rf2 1-0

[Event "46th Capablanca Memorial Open A"]
[Site "Havana CUB"]
[Date "2010.05.15"]
[Round "5.35"]
[White "Gongora Reyes, Maikel"]
[Black "Adel Lahchaichi, Oussama"]
[Result "1-0"]
[WhiteTitle "IM"]
[BlackTitle "FM"]
[WhiteElo "2452"]
[BlackElo "2265"]
[WhiteFideId "3503208"]
[BlackFideId "2207885"]
[EventDate "2011.05.11"]

1. d4 Nf6 2. c4 c5 3. d5 b5 4. cxb5 a6 5. Nc3 g6 6. e4 d6 7. a4 Bg7 8. Nf3 O-O
9. Be2 axb5 10. Bxb5 Ba6 11. Bd2 Bxb5 12. axb5 Nbd7 13. O-O Qb6 14. Qe2 Qb7 15.
h3 Rxa1 16. Rxa1 Ra8 17. Qd1 Ne8 18. Rxa8 Qxa8 19. Qa4 Qb8 20. Qa6 Nb6 21. Na4
Nxa4 22. Qxa4 Nc7 23. b6 Qxb6 24. Qd7 Bf6 25. Qd8+ Kg7 26. Bh6+ Kxh6 27. Qf8+
Bg7 28. Qxf7 g5 29. Nh2 1-0

[Event "46th Capablanca Memorial Open A"]
[Site "Havana CUB"]
[Date "2010.05.15"]
[Round "5.36"]
[White "Ynojosa, Felix Jose"]
[Black "Gomez Fontal, Felix Manuel"]
[Result "1-0"]
[BlackTitle "IM"]
[WhiteElo "2255"]
[BlackElo "2417"]
[WhiteFideId "3900258"]
[BlackFideId "3500357"]
[EventDate "2011.05.11"]

1. e4 e5 2. Bc4 Nf6 3. d3 Bc5 4. Nc3 Nc6 5. Nf3 d6 6. Bg5 h6 7. Bxf6 Qxf6 8. Nd5
Qd8 9. c3 a6 10. d4 Ba7 11. dxe5 Nxe5 12. Nxe5 dxe5 13. Qh5 O-O 14. Qxe5 Re8 15.
Qf4 Be6 16. O-O-O Qc8 17. Rd3 Kf8 18. Bb3 Bb8 19. e5 Bxd5 20. Rxd5 Qe6 21. Qe4
c6 1-0

[Event "46th Capablanca Memorial Open A"]
[Site "Havana CUB"]
[Date "2010.05.15"]
[Round "5.38"]
[White "Girones Barrios, Yans Richard"]
[Black "Machado Escanio, Michel"]
[Result "1/2-1/2"]
[BlackTitle "FM"]
[WhiteElo "2221"]
[BlackElo "2309"]
[WhiteFideId "3506142"]
[BlackFideId "3506290"]
[EventDate "2011.05.11"]

1. d4 d5 2. c4 Nc6 3. cxd5 Qxd5 4. e3 e5 5. Nc3 Bb4 6. Bd2 Bxc3 7. bxc3 Nf6 8.
c4 Qd6 9. d5 Ne7 10. Qa4+ Bd7 11. Qb3 Ne4 12. Bb4 Nc5 13. Qa3 b6 14. e4 O-O 15.
Bxc5 bxc5 16. Bd3 Rfb8 17. Ne2 Rb4 18. O-O Nc8 19. Qc1 c6 20. f4 cxd5 21. exd5
f5 22. fxe5 Qxe5 23. Qg5 Nd6 24. Rae1 h6 25. Qf4 Re8 26. Qxe5 Rxe5 27. Nf4 Rxe1
28. Rxe1 Kf7 29. Ne6 Nxc4 30. Nxc5 Nb6 31. Nxd7 Nxd7 32. Bxf5 Nb6 33. Rd1 Rb5
34. d6 Rxf5 35. d7 Nxd7 36. Rxd7+ Kg6 37. Rxa7 Rc5 38. a4 Rc1+ 39. Kf2 Rc2+ 40.
Kg3 Rc3+ 41. Kh4 Rc2 42. Kh3 Rc3+ 43. g3 Rc2 44. a5 Ra2 45. a6 h5 46. Ra8 Kh6
47. a7 Kg6 48. g4 Ra3+ 49. Kh4 hxg4 50. Kxg4 Ra4+ 51. Kf3 Ra3+ 52. Ke4 Ra4+ 53.
Kd3 Ra3+ 54. Kc4 Ra4+ 55. Kb3 Ra1 56. h4 Kh7 57. h5 Ra6 58. Kb4 Ra1 1/2-1/2

[Event "46th Capablanca Memorial Open A"]
[Site "Havana CUB"]
[Date "2010.05.15"]
[Round "5.40"]
[White "Osorio, Fernando"]
[Black "Pina Vega, Sulennis"]
[Result "1-0"]
[BlackTitle "WGM"]
[WhiteElo "2208"]
[BlackElo "2298"]
[WhiteFideId "3901114"]
[BlackFideId "3503151"]
[EventDate "2011.05.11"]

1. e4 c5 2. Nc3 Nc6 3. g3 g6 4. Bg2 Bg7 5. d3 d6 6. Be3 Nd4 7. Qd2 Rb8 8. Nd1 b5
9. c3 Nc6 10. Ne2 b4 11. O-O e6 12. f4 bxc3 13. bxc3 Nge7 14. e5 O-O 15. exd6
Qxd6 16. Nf2 Rd8 17. Rad1 Ba6 18. Nc1 c4 19. Ne4 Qa3 20. Bc5 Qa5 21. d4 Rd7 22.
g4 f5 23. Ng5 Nd8 24. Qe1 Nd5 25. Nxe6 Nf7 26. Nxg7 Kxg7 27. Qe6 Rbd8 28. gxf5
Nf6 29. fxg6 hxg6 30. Be7 Rxe7 31. Qxe7 Qxc3 32. Qxa7 Bc8 33. d5 Bg4 34. Qd4 Qa3
35. Rde1 Nh6 36. Qxc4 Qa7+ 37. Rf2 Nf5 38. Nd3 Nd6 39. Qc5 Qa6 40. Qc7+ 1-0

[Event "46th Capablanca Memorial Open A"]
[Site "Havana CUB"]
[Date "2010.05.15"]
[Round "5.41"]
[White "Martinez Reyes, Pedro Ramon"]
[Black "Espinoza Palomino, Willyam"]
[Result "0-1"]
[BlackTitle "FM"]
[WhiteElo "2198"]
[BlackElo "2295"]
[WhiteFideId "3901807"]
[BlackFideId "3804852"]
[EventDate "2011.05.11"]

1. e4 e5 2. Nf3 Nc6 3. d4 exd4 4. Nxd4 Nf6 5. Nxc6 bxc6 6. Bd3 d5 7. e5 Ng4 8.
O-O Bc5 9. Qe2 Qe7 10. Bf4 g5 11. Bd2 Nxe5 12. Re1 Nxd3 13. Qxd3 Be6 14. Qc3
O-O-O 15. b4 Bb6 16. a4 c5 17. b5 c4 18. Qe5 Qd6 19. Qxd6 Rxd6 20. Bxg5 d4 21.
a5 Bc5 22. Nd2 Bb4 23. Reb1 Bxd2 24. Bxd2 Kb7 25. c3 dxc3 26. Bxc3 Rhd8 27. f3
Rd3 28. Rc1 R8d5 29. Rab1 Bd7 30. a6+ Kb6 31. Be1 Rxb5 32. Bf2+ c5 33. Ra1 Be6
34. f4 Bd5 35. Re1 Rb2 36. Re8 c3 37. f5 c2 38. Rb8+ Kc6 39. Re1 Rxb8 0-1

[Event "46th Capablanca Memorial Open A"]
[Site "Havana CUB"]
[Date "2010.05.15"]
[Round "5.43"]
[White "Martinez Lopez, Ivan"]
[Black "Frometa Castillo, Zirka"]
[Result "1-0"]
[BlackTitle "WGM"]
[WhiteElo "2287"]
[BlackElo "2125"]
[WhiteFideId "2219409"]
[BlackFideId "3501434"]
[EventDate "2011.05.11"]

1. c4 c5 2. g3 Nc6 3. Bg2 g6 4. Nc3 Bg7 5. Nf3 Nf6 6. O-O O-O 7. e4 d6 8. h3 e5
9. a3 Be6 10. d3 h6 11. Rb1 Qd7 12. Kh2 Nh7 13. b4 Nd4 14. bxc5 Nxf3+ 15. Qxf3
dxc5 16. Nd5 b6 17. Qe2 Rae8 18. Qc2 f5 19. f4 Bxd5 20. cxd5 exf4 21. gxf4 Nf6
22. Qc4 fxe4 23. dxe4 Nh5 24. e5 g5 25. e6 Qd6 26. Qe2 Nxf4 27. Bxf4 gxf4 28.
Bf3 Rf5 29. Rbd1 Bd4 30. Qe4 Rg5 31. Rd2 Re7 32. Rg2 Rxg2+ 33. Kxg2 Rg7+ 34. Kh2
Qe5 35. Re1 Qg5 36. Bg4 Be3 37. d6 Qh4 38. Rxe3 Qf2+ 39. Qg2 Qxe3 40. d7 Qd3 41.
e7 Rxe7 42. Be6+ 1-0

[Event "46th Capablanca Memorial Open A"]
[Site "Havana CUB"]
[Date "2010.05.15"]
[Round "5.44"]
[White "Vigoa Apecheche, Yanira"]
[Black "Gascon, Jose Rafael"]
[Result "1-0"]
[WhiteTitle "WIM"]
[WhiteElo "2279"]
[BlackElo "2120"]
[WhiteFideId "3507041"]
[BlackFideId "3902463"]
[EventDate "2011.05.11"]

1. d4 Nf6 2. c4 g6 3. Nc3 Bg7 4. e4 d6 5. Be2 O-O 6. Nf3 e5 7. O-O Nc6 8. d5 Ne7
9. Ne1 Nd7 10. Be3 f5 11. f3 f4 12. Bf2 g5 13. Nd3 h5 14. c5 Nf6 15. Rc1 g4 16.
Kh1 Ng6 17. cxd6 cxd6 18. Nb5 Rf7 19. Qc2 Ne8 20. Qd2 Bh6 21. Qd1 Qg5 22. fxg4
Bxg4 23. Bf3 Nh4 24. Bxh4 Qxh4 25. a4 Rg7 26. Qe2 Kh8 27. Rc2 a6 28. Na3 Bd7 29.
a5 Nf6 30. Qe1 Rg3 31. Rc3 Rag8 32. Nc1 Qg5 33. Qd2 h4 34. hxg3 hxg3 35. Rd1 Ng4
36. Kg1 Ne3 37. Rxe3 fxe3 38. Qd3 Rf8 39. Kf1 Rxf3+ 40. gxf3 Qh4 41. Qc2 Bh3+
42. Ke2 g2 43. Kd3 Qf2 44. Ne2 Qf1 45. Kc3 Qxf3 46. Ng1 Qg3 47. Ne2 Qf2 48. Nc4
Bg4 49. Kd3 Qf1 50. Rxf1 gxf1=Q 51. Nxd6 Bf8 52. Nc4 Bc5 53. Nxe5 Bh5 54. Nc4
Qf3 55. Ne5 Qf1 56. Nc4 Be8 57. Qc1 Qf3 58. b4 Bh5 59. Qb2+ 1-0

[Event "46th Capablanca Memorial Open A"]
[Site "Havana CUB"]
[Date "2010.05.15"]
[Round "5.45"]
[White "Cardenas Ballester, Maydelin"]
[Black "Sanchez Castillo, Sarai"]
[Result "1-0"]
[WhiteTitle "WFM"]
[BlackTitle "IM"]
[WhiteElo "2114"]
[BlackElo "2268"]
[WhiteFideId "3508242"]
[BlackFideId "3900754"]
[EventDate "2011.05.11"]

1. e4 e6 2. d4 d5 3. Nc3 Bb4 4. e5 c5 5. a3 Bxc3+ 6. bxc3 Ne7 7. Nf3 Bd7 8. a4
Qa5 9. Bd2 Nbc6 10. Bd3 c4 11. Be2 O-O-O 12. O-O f6 13. exf6 gxf6 14. Nh4 Ng6
15. Nxg6 hxg6 16. f4 Rdg8 17. Bg4 Qc7 18. h3 Ne7 19. Qe1 Nf5 20. a5 a6 21. Qf2
Nd6 22. Bf3 Kb8 23. Rfb1 Ka8 24. Bc1 g5 25. fxg5 fxg5 26. Qg3 Nb5 27. Qxc7 Nxc7
28. Bg4 Nb5 29. Bd2 Rh6 30. Rf1 Nd6 31. Be3 Ne4 32. Rf7 Bc6 33. Raf1 Ka7 34. Bc1
Nxc3 35. Ba3 Ne4 36. Re7 Re8 37. Rxe8 Bxe8 38. Rf8 Ba4 39. Bf3 Bxc2 40. Bxe4
Bxe4 41. Bc5+ b6 42. axb6+ Kb7 43. Rf7+ Kc6 44. Rc7+ Kb5 45. b7 1-0

[Event "46th Capablanca Memorial Open A"]
[Site "Havana CUB"]
[Date "2010.05.15"]
[Round "5.46"]
[White "Hernandez Moya, Yuleisis"]
[Black "Marrero Lopez, Yaniet"]
[Result "0-1"]
[WhiteTitle "WFM"]
[BlackTitle "WGM"]
[WhiteElo "2174"]
[BlackElo "2328"]
[WhiteFideId "3511685"]
[BlackFideId "3503950"]
[EventDate "2011.05.11"]

1. e4 e5 2. Nf3 Nc6 3. d4 exd4 4. Nxd4 Nf6 5. Nxc6 bxc6 6. e5 Qe7 7. Qe2 Nd5 8.
c4 Nb6 9. Nd2 a5 10. f4 Qe6 11. Qe4 g6 12. Bd3 Bg7 13. O-O O-O 14. Rb1 d5 15.
exd6 Qxd6 16. Qf3 Rd8 17. Be4 Qc5+ 18. Kh1 Nxc4 19. Nxc4 Qxc4 20. b3 Qa6 21. Be3
Re8 22. Bxc6 Rxe3 23. Qxe3 Qxc6 24. Rfc1 Qb6 25. Qe8+ Bf8 26. Rc6 Qa7 27. Qe2
Bd7 28. Rc3 Re8 29. Qc4 Qf2 30. Rf1 Re1 31. Rc1 Bc6 0-1

[Event "46th Capablanca Memorial Open A"]
[Site "Havana CUB"]
[Date "2010.05.15"]
[Round "5.47"]
[White "Tovio, Israel"]
[Black "Romero Nunez, Wendy"]
[Result "1-0"]
[WhiteTitle "FM"]
[BlackTitle "WFM"]
[WhiteElo "2297"]
[BlackElo "2132"]
[WhiteFideId "4402049"]
[BlackFideId "3510174"]
[EventDate "2011.05.11"]

1. e4 c6 2. d4 d5 3. Nc3 g6 4. h3 Bg7 5. Nf3 Nh6 6. Bd3 O-O 7. O-O dxe4 8. Nxe4
Nf5 9. c3 Qc7 10. Re1 Nd7 11. Qe2 Nf6 12. Nxf6+ exf6 13. g4 Nd6 14. Bf4 Be6 15.
Nd2 Qd7 16. Qf3 Bd5 17. Qg3 Nc8 18. Re2 Nb6 19. Rae1 Rfe8 20. c4 Be6 21. Qe3
Red8 22. Nb3 Nxc4 23. Qc1 Nb6 24. Nc5 Qxd4 25. Be3 Qd5 26. Be4 Qe5 27. Nxb7 Rdc8
28. Bf4 Qd4 29. Nd6 Nc4 30. Nxc8 Rxc8 31. Rd1 Qb6 32. b3 Ne5 33. Bxe5 fxe5 34.
Rd6 Qb5 35. Bd3 Qb6 36. Bc4 Qc5 37. Rxe6 1-0

[Event "46th Capablanca Memorial Open A"]
[Site "Havana CUB"]
[Date "2010.05.15"]
[Round "5.48"]
[White "Zavarce, Oscar Enrique"]
[Black "Espinosa Garcia, Sandra"]
[Result "1-0"]
[WhiteTitle "FM"]
[BlackTitle "WIM"]
[WhiteElo "2223"]
[BlackElo "2113"]
[WhiteFideId "3902501"]
[BlackFideId "3509109"]
[EventDate "2011.05.11"]

1. e4 c5 2. Nf3 Nc6 3. Bb5 g6 4. Bxc6 dxc6 5. d3 Bg7 6. h3 Nf6 7. Nc3 O-O 8. Be3
b6 9. Qd2 Re8 10. Bh6 Bh8 11. g4 e5 12. O-O-O b5 13. Kb1 Nd7 14. Rdg1 Nb6 15. h4
b4 16. Ne2 c4 17. h5 Ba6 18. Nc1 Na4 19. dxc4 Bxc4 20. Qxb4 Bb5 21. hxg6 fxg6
22. Qb3+ 1-0

[Event "46th Capablanca Memorial Open A"]
[Site "Havana CUB"]
[Date "2010.05.15"]
[Round "5.49"]
[White "Llaudy Pupo, Lisandra"]
[Black "Mendoza Velazquez, Lorena Alejan"]
[Result "1-0"]
[WhiteTitle "WIM"]
[BlackTitle "WIM"]
[WhiteElo "2216"]
[BlackElo "2033"]
[WhiteFideId "3506487"]
[BlackFideId "5101794"]
[EventDate "2011.05.11"]

1. e4 c5 2. Nf3 d6 3. b3 e5 4. Bc4 g6 5. d3 h6 6. Nc3 Bg7 7. O-O Ne7 8. Bb2 O-O
9. Nd5 Nbc6 10. Nd2 a6 11. a4 Rb8 12. Nxe7+ Nxe7 13. a5 Kh7 14. Bd5 Be6 15. c4
Qd7 16. Bc3 Nc6 17. Rb1 g5 18. b4 f5 19. bxc5 dxc5 20. Nb3 Bxd5 21. exd5 Nd8 22.
Nxc5 Qc7 23. Na4 Nf7 24. Rb6 g4 25. Bb4 Rg8 26. Nc5 Ng5 27. Ne6 Nxe6 28. Rxe6
Rbd8 29. Qa4 Bf8 30. Bxf8 Rdxf8 31. Rb1 Qc8 32. Re7+ 1-0

[Event "46th Capablanca Memorial Open A"]
[Site "Havana CUB"]
[Date "2010.05.15"]
[Round "5.52"]
[White "Catala Matienzo, Ivette"]
[Black "Torres Rosas, Luis Carlos"]
[Result "0-1"]
[WhiteTitle "WFM"]
[BlackTitle "CM"]
[WhiteElo "2208"]
[BlackElo "2129"]
[WhiteFideId "3506819"]
[BlackFideId "5111080"]
[EventDate "2011.05.11"]

1. e4 c5 2. Nc3 Nc6 3. f4 g6 4. Nf3 Bg7 5. Bc4 e6 6. O-O Nge7 7. d3 O-O 8. Qe1
d6 9. Qh4 a6 10. a4 Rb8 11. f5 gxf5 12. Ng5 h6 13. Nf3 Ng6 14. Qh5 f4 15. Ne2 b5
16. Bb3 Qf6 17. axb5 axb5 18. g3 e5 19. g4 Nge7 20. h3 Qg6 21. Qh4 Bf6 22. Qf2
h5 23. Kh1 hxg4 24. hxg4 Kg7 25. Bxf4 exf4 26. Nxf4 Rh8+ 27. Nh5+ Kf8 28. Nh2
Bd4 29. Qxf7+ Qxf7 30. Bxf7 Ne5 31. Bb3+ Ke8 32. Nf6+ Kd8 33. c3 Be3 34. Kg2 Bg5
35. d4 Bxf6 36. dxe5 Bxe5 37. Nf3 Ng6 38. Ng5 Rh2+ 39. Kg1 Rxb2 40. Bd5 Nf4 41.
Ra7 Bxg4 42. Be6 Bxe6 43. Rxf4 Bxf4 44. Nxe6+ Ke8 45. Nxf4 b4 46. cxb4 R8xb4 47.
Nd5 Rb7 48. Ra5 Rc2 49. Ne3 Rb1+ 0-1

[Event "46th Capablanca Memorial Open A"]
[Site "Havana CUB"]
[Date "2010.05.15"]
[Round "5.53"]
[White "Sanchez Comesana, Angelica Maria"]
[Black "Corrales Jimenez, Zenia"]
[Result "0-1"]
[BlackTitle "WFM"]
[WhiteElo "2019"]
[BlackElo "2182"]
[WhiteFideId "3507742"]
[BlackFideId "3506355"]
[EventDate "2011.05.11"]

1. e4 c5 2. Nf3 d6 3. d4 cxd4 4. Nxd4 Nf6 5. Nc3 g6 6. Be3 Bg7 7. f3 Nc6 8. Qd2
O-O 9. Bc4 Bd7 10. g4 Rc8 11. Be2 a6 12. h4 b5 13. O-O-O Qa5 14. Nb3 Qc7 15. g5
b4 16. Na4 Nh5 17. Nb6 Rb8 18. Nd5 Qd8 19. Rhg1 a5 20. Nd4 Nxd4 21. Bxd4 Bxd4
22. Qxd4 e5 23. Qd2 Be6 24. Bc4 Bxd5 25. Qxd5 Qc7 26. b3 Rfd8 27. Kb1 a4 28. Qd2
Rb6 29. Bd5 a3 30. Rge1 Nf4 31. Re3 Qd7 32. Rh1 Rc8 33. Bc4 Rc5 34. Ree1 d5 35.
exd5 Nxd5 36. Kc1 Rd6 37. Bxd5 Rcxd5 38. Qxb4 Qa7 39. Qe4 Qa5 40. b4 Qc7 41. Qe3
Rd2 42. Qxd2 Rxd2 43. Kxd2 Qc4 44. Ra1 Qxb4+ 45. Ke2 Qc3 46. Rhc1 Kf8 47. Kf2
Ke7 48. Rab1 Kf8 49. Kg2 h6 50. gxh6 Kg8 51. Kg1 Kh7 52. Rb3 Qd4+ 53. Kf1 Qd2
54. Rbb1 Qc3 55. Rb3 Qc4+ 56. Ke1 f5 57. c3 Qxh4+ 58. Kd1 e4 59. fxe4 fxe4 60.
c4 e3 61. Rxe3 Qd4+ 62. Ke2 Qb2+ 63. Kd1 Qxa2 64. Rec3 Qb2 65. R1c2 Qb1+ 66. Rc1
a2 67. Ra3 Qb2 68. Ra8 Kxh6 69. c5 Kg5 70. Ra5 Kf4 71. c6 Ke3 72. Rxa2 Qxa2 73.
Rc2 Qa1+ 74. Rc1 Qb2 0-1

[Event "46th Capablanca Memorial Open A"]
[Site "Havana CUB"]
[Date "2010.05.15"]
[Round "5.54"]
[White "Cueto Rodriguez, Yanet"]
[Black "Cordero Suarez, Greisy"]
[Result "1/2-1/2"]
[WhiteTitle "WFM"]
[WhiteElo "2138"]
[BlackElo "2116"]
[WhiteFideId "3505294"]
[BlackFideId "3502422"]
[EventDate "2011.05.11"]

1. e4 e6 2. d4 d5 3. Nd2 c5 4. Ngf3 Nf6 5. e5 Nfd7 6. Bd3 Nc6 7. c3 cxd4 8. cxd4
f6 9. exf6 Nxf6 10. O-O Bd6 11. Re1 O-O 12. Nf1 Qc7 13. Bg5 e5 14. dxe5 Nxe5 15.
Bxf6 gxf6 16. Be2 Qf7 17. Ne3 Bb4 18. Rf1 Rd8 19. Qd4 Nc6 20. Qh4 Kh8 21. Rfd1
Be7 22. Qa4 Bc5 23. Nf1 Rg8 24. Rac1 Bb6 25. Ng3 f5 26. Ne1 f4 27. Nh5 Bg4 28.
Bxg4 Rxg4 29. Rxc6 bxc6 30. Qxc6 Rd8 31. Qf6+ Qxf6 32. Nxf6 Rg5 33. Nf3 Rf5 34.
Ng4 d4 35. Nge5 Bc7 36. Nd3 Ra5 37. a3 Rad5 38. Kf1 Kg7 39. Rc1 Bb8 40. Rd1 R5d7
41. Nc5 Re7 42. Nd3 Kf6 43. h3 Rg7 44. Rc1 Rc7 45. Rd1 Rc2 46. Nfe1 Rc6 47. Nf3
Rb6 48. Rc1 Rb3 49. Ke2 Rd7 50. Rc6+ Kg7 51. Kd2 Rb6 52. Rc4 Rbd6 53. Nxf4 d3
54. Ne5 Rb7 55. b4 Ra6 56. Nexd3 Bxf4+ 57. Nxf4 Rxa3 58. Ne6+ Kf6 59. Nc5 Ra2+
60. Ke3 Re7+ 61. Kf3 Ra3+ 62. Kf4 Re2 63. Ne4+ Kg6 64. Rc6+ Kg7 65. Rc7+ Kg6 66.
h4 Rb2 67. g4 h5 68. gxh5+ Kxh5 69. Rg7 Rxb4 70. f3 Kh6 71. Rc7 Ra5 72. Rc6+ Kg7
73. Kg4 Rb6 1/2-1/2

[Event "46th Capablanca Memorial Open A"]
[Site "Havana CUB"]
[Date "2010.05.17"]
[Round "6.1"]
[White "Aguero Jimenez, Luis Lazaro"]
[Black "Delgado Ramos, Hector"]
[Result "1-0"]
[WhiteTitle "IM"]
[BlackTitle "FM"]
[WhiteElo "2420"]
[BlackElo "2480"]
[WhiteFideId "3508455"]
[BlackFideId "3504824"]
[EventDate "2011.05.11"]

1. e4 c5 2. Nf3 d6 3. d4 cxd4 4. Nxd4 Nf6 5. Nc3 g6 6. Be3 Bg7 7. f3 O-O 8. Qd2
Nc6 9. Bc4 Bd7 10. h4 h5 11. O-O-O Rc8 12. Bb3 Ne5 13. Bg5 Rc5 14. Kb1 b5 15. g4
a5 16. gxh5 Nxh5 17. Nd5 Re8 18. a3 b4 19. a4 Nc4 20. Qf2 Rxd5 21. exd5 Nb6 22.
Nc6 Bxc6 23. dxc6 Qc7 24. Be3 Rb8 25. Rhg1 e6 26. f4 d5 27. f5 exf5 28. Bd4 Qxc6
29. Bxg7 Nxg7 30. h5 Nxh5 31. Qh2 1-0

[Event "46th Capablanca Memorial Open A"]
[Site "Havana CUB"]
[Date "2010.05.17"]
[Round "6.3"]
[White "Gomez Garrido, Camilo"]
[Black "De La Paz Perdomo, Frank"]
[Result "1-0"]
[WhiteTitle "IM"]
[BlackTitle "GM"]
[WhiteElo "2516"]
[BlackElo "2452"]
[WhiteFideId "3507904"]
[BlackFideId "3501833"]
[EventDate "2011.05.11"]

1. e4 e5 2. Nf3 Nc6 3. Bb5 Bc5 4. O-O Nf6 5. Nxe5 Nxe4 6. Qe2 Nxe5 7. Qxe4 Qe7
8. Re1 Nc6 9. c3 d5 10. Qxe7+ Bxe7 11. d4 Be6 12. Bf4 O-O-O 13. Bxc6 bxc6 14. b4
Bd6 15. Be5 Rhg8 16. Nd2 Rde8 17. f3 h5 18. Kf2 Kd7 19. Nf1 f6 20. Bxd6 cxd6 21.
Re3 Bf5 22. h4 Rxe3 23. Nxe3 Be6 24. Rb1 Rb8 25. Rb3 Rb7 26. Ra3 Kc7 27. Ra6 Bd7
28. g4 hxg4 29. fxg4 Kd8 30. Kf3 Rc7 31. Ra5 g6 32. Kf4 Be8 33. c4 dxc4 34. Nxc4
d5 35. Nd6 Bd7 36. Nf7+ Ke7 37. Nh6 Kf8 38. g5 Kg7 39. Ra3 fxg5+ 40. hxg5 Rc8
41. Rxa7 1-0

[Event "46th Capablanca Memorial Open A"]
[Site "Havana CUB"]
[Date "2010.05.17"]
[Round "6.5"]
[White "Nogueiras Santiago, Jesus"]
[Black "Otero Acosta, Diasmany"]
[Result "1/2-1/2"]
[WhiteTitle "GM"]
[BlackTitle "IM"]
[WhiteElo "2565"]
[BlackElo "2440"]
[WhiteFideId "3500020"]
[BlackFideId "3503186"]
[EventDate "2011.05.11"]

1. c4 e5 2. Nc3 Nc6 3. g3 Bc5 4. Bg2 d6 5. e3 a6 6. Nge2 Ba7 7. b3 Bd7 8. Nd5 h5
9. h4 Nh6 10. Nec3 Ng4 11. Bb2 O-O 12. O-O f5 13. f3 Nh6 14. f4 Ng4 15. Kh1 Rb8
16. Ne2 Ne7 17. fxe5 dxe5 18. Ba3 1/2-1/2

[Event "46th Capablanca Memorial Open A"]
[Site "Havana CUB"]
[Date "2010.05.17"]
[Round "6.7"]
[White "Gonzalez Vidal, Yuri"]
[Black "Arenas, David"]
[Result "0-1"]
[WhiteTitle "GM"]
[BlackTitle "IM"]
[WhiteElo "2504"]
[BlackElo "2427"]
[WhiteFideId "3503321"]
[BlackFideId "4403177"]
[EventDate "2011.05.11"]

1. e4 c5 2. Nf3 d6 3. d4 Nf6 4. Nc3 cxd4 5. Nxd4 a6 6. Bg5 e6 7. Qf3 Nbd7 8.
O-O-O Qc7 9. Qg3 Be7 10. Kb1 b5 11. Bxb5 Rb8 12. Be2 O-O 13. Bh6 Ne8 14. Bc1 Kh8
15. h4 Bb7 16. Qe3 Nef6 17. g4 d5 18. exd5 Nxd5 19. Nxd5 Bxd5 20. Rhe1 Rfc8 21.
f4 Bc5 22. c4 Ba8 23. h5 e5 24. fxe5 Re8 25. e6 fxe6 26. h6 e5 27. hxg7+ Kg8 28.
Bd3 Bxd4 29. Bxh7+ Kxh7 30. g8=Q+ Kxg8 31. Qg5+ Kf7 32. Rf1+ Ke6 33. Qg6+ Ke7
34. Qg5+ Kd6 35. Rxd4+ exd4 36. Bf4+ Ne5 37. Re1 Be4+ 38. Rxe4 Rxb2+ 39. Ka1
Rb1+ 40. Kxb1 Qb7+ 0-1

[Event "46th Capablanca Memorial Open A"]
[Site "Havana CUB"]
[Date "2010.05.17"]
[Round "6.9"]
[White "Ostos, Julio"]
[Black "Jimenez Fraga, Pedro Alejandro"]
[Result "1-0"]
[WhiteTitle "IM"]
[BlackTitle "FM"]
[WhiteElo "2310"]
[BlackElo "2473"]
[WhiteFideId "3900053"]
[BlackFideId "3508188"]
[EventDate "2011.05.11"]

1. e4 c5 2. Nf3 Nc6 3. Bb5 e6 4. O-O Nge7 5. d4 cxd4 6. Nxd4 Qb6 7. Nxc6 bxc6 8.
Bd3 Ng6 9. Nd2 Qc7 10. f4 Nxf4 11. Qf3 e5 12. Nc4 g5 13. Ne3 h5 14. Bc4 Bb7 15.
g3 d5 16. exd5 g4 17. d6 gxf3 18. dxc7 Nh3+ 19. Kh1 Bc5 20. Rxf3 Bxe3 21. Bxe3
Rh7 22. Rd1 Rc8 23. Kg2 e4 24. Rd8+ Rxd8 25. cxd8=Q+ Kxd8 26. Rxf7 Rxf7 27. Bxf7
Bc8 28. Bxh5 1-0

[Event "46th Capablanca Memorial Open A"]
[Site "Havana CUB"]
[Date "2010.05.17"]
[Round "6.11"]
[White "Borges Mateos, Juan"]
[Black "Quesada Perez, Yasser"]
[Result "1-0"]
[WhiteTitle "GM"]
[BlackTitle "FM"]
[WhiteElo "2451"]
[BlackElo "2401"]
[WhiteFideId "3500160"]
[BlackFideId "3509362"]
[EventDate "2011.05.11"]

1. Nf3 Nf6 2. c4 c6 3. d4 d5 4. Nc3 dxc4 5. a4 Bf5 6. e3 e6 7. Bxc4 Bb4 8. O-O
Nbd7 9. Qe2 Bg6 10. Rd1 Qa5 11. Bd2 Ne4 12. Nxe4 Bxe4 13. Bxb4 Qxb4 14. Ng5 Bg6
15. a5 h6 16. Nh3 O-O 17. Nf4 Bh7 18. Nxe6 fxe6 19. Bxe6+ Rf7 20. Qc4 Qxc4 21.
Bxc4 Nf6 22. f3 a6 23. e4 Bg6 24. Bxf7+ Bxf7 25. Kf2 Ne8 26. Rd3 Nd6 27. b3 Kf8
28. Rc1 Ke7 29. g4 Kd7 30. h4 Rb8 31. Kg3 Re8 32. Rc5 b6 33. axb6 Rb8 34. d5
cxd5 35. Rc7+ Ke8 36. exd5 Rxb6 37. Rc6 Rxc6 38. dxc6 Ke7 39. Kf4 Be8 40. Ke5
Nb5 41. Kd5 Na7 42. Kc5 Nc8 43. b4 Na7 44. Ra3 Nxc6 45. Re3+ Kf7 46. Rxe8 Nxb4
47. Ra8 Nc2 48. Kd5 Nb4+ 49. Ke5 1-0